000
00253nam a22001097a 4500
008
170126b xxu||||| |||| 00| 0 eng d
020
_a
9780195043198
041
_a
eng
080
_a
61
245
_a
FOR THE PATIENT'S GOOD
_c
PELLEGRINO, E
942
_2
udc
_c
BK
999
_c
3734
_d
3734